000 00612nam a2200205 i 4500
001 142499
003 ES-MaACL
005 20250907063112.0
007 t|
008 071005s1969 sp ||||1| spa d
100 1 _aVillalonga, Llorenç,
_d1897-1980
_9114975
245 1 3 _aEl angel rebelde /
_cLlorenç Villalonga ; [prólogo de Jaume Pomar].
260 _aBarcelona :
_bPolígrafa,
_c1969.
300 _a221 p. ;
_c20 cm.
490 1 _aLa senda ;
_v8
700 1 _aPomar, Jaume.
_992897
830 0 _aLa senda ;
_v8
_9182917
852 _aES-MaACL
_jC-39515
_bR.72617
999 _c142499
_d142499